[Event "4NCL Online Division 4"]
[Site "online"]
[Date "2021.02.09"]
[EventDate "2021.02.09"]
[Round "2.43"]
[White "Kesterson, Kennan"]
[WhiteElo "2006"]
[WhiteTeam "Barnet Knights A"]
[Black "Adam, David W"]
[BlackElo "1725"]
[BlackTeam "Bradford DCA Knights B"]
[Result "1-0"]
[PlyCount "131"]

1. e4 c5 2. Nf3 d6 3. d4 cxd4 4. Nxd4 Nf6 5. f3 g6 6. c4 Bg7 7. Nc3 O-O 8. Be3 Nc6 9. Be2 Bd7 10. Qd2 Qa5 11. O-O Rfd8 12. Rad1 Ne5 13. h3 Rac8 14. b3 a6 15. f4 Nc6 16. Qd3 e6 17. Nc2 Nb4 18. Nxb4 Qxb4 19. Bd4 Bc6 20. Qe3 Nd7 21. Bxg7 Kxg7 22. Qd4+ Kg8 23. Bf3 Qb6 24. Rf2 Qxd4 25. Rxd4 Nf6 26. Rfd2 Ne8 27. e5 Bxf3 28. gxf3 d5 29. R2d3 Nc7 30. Kf2 Kg7 31. Ke3 h5 32. h4 Rd7 33. cxd5 exd5 34. Nxd5 Ne6 35. Rc4 Rcd8 36. Nb4 Rxd3+ 37. Nxd3 b5 38. Rc6 Ra8 39. Rb6 Nc7 40. Kd4 Ne6+ 41. Ke4 Ra7 42. Nb4 a5 43. Nc6 Rd7 44. Rxb5 a4 45. bxa4 Rd1 46. a5 Re1+ 47. Kd3 Nxf4+ 48. Kc2 Re2+ 49. Kb3 Re3+ 50. Kc4 Ra3 51. Rb4 Ne6 52. Rb2 Rxf3 53. a6 Rf4+ 54. Kd3 Nc5+ 55. Ke3 Re4+ 56. Kf3 Ra4 57. a7 Ra3+ 58. Kg2 Nd7 59. Rb7 Rxa2+ 60. Kg3 Ra3+ 61. Kf4 Ra4+ 62. Ke3 Nc5 63. Rb8 Ra3+ 64. Kd2 Ra2+ 65. Kc3 Ne4+ 66. Kb3 1-0

[Event "4NCL Online Division 4"]
[Site "online"]
[Date "2021.02.09"]
[EventDate "2021.02.09"]
[Round "2.44"]
[White "Tait, Bill"]
[WhiteElo "1707"]
[WhiteTeam "Bradford DCA Knights B"]
[Black "Covey, Jason"]
[BlackElo "1981"]
[BlackTeam "Barnet Knights A"]
[Result "0-1"]
[PlyCount "56"]

1. e4 e6 2. d4 d5 3. exd5 exd5 4. Bd3 Nc6 5. c3 Bd6 6. Nf3 Bg4 7. Nbd2 Nge7 8. O-O Qd7 9. Qc2 O-O-O 10. b4 Ng6 11. Re1 Nf4 12. Bb2 Bxb4 13. Ne5 Nxe5 14. Rxe5 Bd6 15. Re3 Nxd3 16. Qxd3 Bf4 17. Ree1 Bf5 18. Qe2 Rhe8 19. Qd1 Rxe1+ 20. Qxe1 Re8 21. Qd1 Qb5 22. Nb3 Re2 23. Bc1 Bxc1 24. Nxc1 Rc2 25. Qf3 Qb2 26. Qxf5+ Kb8 27. Nb3 Qxa1+ 28. Nxa1 Rc1# 0-1

[Event "4NCL Online Division 4"]
[Site "online"]
[Date "2021.02.09"]
[EventDate "2021.02.09"]
[Round "2.51"]
[White "O'Byrne, Daniel"]
[WhiteElo "1844"]
[WhiteTeam "War & Piece 1"]
[Black "Modhura, Urbi"]
[BlackElo "1695"]
[BlackTeam "Temple Sutton"]
[Result "1-0"]
[PlyCount "107"]

1. d4 Nf6 2. c4 e6 3. Nc3 d5 4. Bf4 c5 5. e3 a6 6. Nf3 Be7 7. dxc5 Bxc5 8. cxd5 exd5 9. Rc1 Be6 10. Bd3 O-O 11. O-O Nc6 12. Ne2 Be7 13. Ned4 Nxd4 14. Nxd4 Rc8 15. Qb3 Qd7 16. f3 Bc5 17. Be5 Qe7 18. Bb1 Bd6 19. Bxd6 Qxd6 20. Qxb7 Rb8 21. Qc6 Qxc6 22. Rxc6 Bd7 23. Rc2 Rfe8 24. Kf2 Rb6 25. Rfc1 Reb8 26. b3 a5 27. a3 g6 28. Rc5 a4 29. b4 Kg7 30. g4 h6 31. h4 g5 32. Bf5 Rd6 33. Bxd7 Rxd7 34. Nf5+ Kh7 35. Rc6 Ng8 36. hxg5 Re8 37. Rh1 Re6 38. Rxe6 fxe6 39. Nxh6 Ne7 40. Nf7+ Kg7 41. Ne5 Rd6 42. Rc1 Ra6 43. Rc7 Kf8 44. f4 Ng8 45. Rc6 Rxc6 46. Nxc6 Kf7 47. Ke2 Ne7 48. Nxe7 Kxe7 49. Kd3 Kd6 50. Kd4 Kd7 51. Ke5 Ke7 52. f5 exf5 53. gxf5 Kf7 54. Kxd5 1-0

[Event "4NCL Online Division 4"]
[Site "online"]
[Date "2021.02.09"]
[EventDate "2021.02.09"]
[Round "2.52"]
[White "Marshall, John R"]
[WhiteElo "1682"]
[WhiteTeam "Temple Sutton"]
[Black "Kelly, Richard"]
[BlackElo "1795"]
[BlackTeam "War & Piece 1"]
[Result "0-1"]
[PlyCount "94"]

1. d4 Nf6 2. c4 e5 3. dxe5 Ng4 4. Bf4 Nc6 5. Nf3 Bb4+ 6. Nc3 Qe7 7. Qd5 Bxc3+ 8. bxc3 Qa3 9. Rc1 f6 10. exf6 Nxf6 11. Qd3 d6 12. g3 O-O 13. Bg2 Bd7 14. O-O Rae8 15. Bg5 Qc5 16. Bxf6 Rxf6 17. e3 Be6 18. Nd2 Rh6 19. Bd5 Ne5 20. Bxe6+ Rhxe6 21. Qd5 c6 22. Qxc5 dxc5 23. Rb1 b6 24. a4 Rd8 25. Nb3 Nxc4 26. a5 Red6 27. axb6 axb6 28. Ra1 Rd3 29. Rfc1 Nd2 30. Nxd2 Rxd2 31. Rab1 b5 32. Kf1 Kf7 33. Ke1 R8d3 34. h4 Ke6 35. c4 b4 36. Rd1 Rxd1+ 37. Rxd1 Rc3 38. Kd2 Rxc4 39. Kd3 Rc3+ 40. Kd2 c4 41. f3 Ra3 42. Rc1 Ra2+ 43. Kd1 Kd5 44. g4 c3 45. Rc2 Ra1+ 46. Ke2 Kc4 47. e4 b3 0-1

[Event "4NCL Online Division 4"]
[Site "online"]
[Date "2021.02.09"]
[EventDate "2021.02.09"]
[Round "2.53"]
[White "Fielding, Michael"]
[WhiteElo "1792"]
[WhiteTeam "War & Piece 1"]
[Black "Perks, Gary M"]
[BlackElo "1577"]
[BlackTeam "Temple Sutton"]
[Result "0-1"]
[PlyCount "94"]

1. d4 d5 2. Nc3 Bf5 3. f3 Nf6 4. g4 Bg6 5. h4 h6 6. Bf4 c6 7. e3 e6 8. Bd3 Bh7 9. Nge2 Nbd7 10. Bxh7 Nxh7 11. Qd3 Be7 12. Bg3 Nb6 13. O-O-O Nc4 14. b3 Nb6 15. e4 a5 16. a4 Rc8 17. exd5 Nxd5 18. Nxd5 Qxd5 19. Nc3 Qd8 20. f4 O-O 21. g5 Ba3+ 22. Kb1 h5 23. g6 Nf6 24. Rhe1 Nd5 25. Nxd5 exd5 26. gxf7+ Rxf7 27. Qg6 Qb6 28. Qxh5 Qb4 29. Qf3 b5 30. axb5 Qxb5 31. Re3 a4 32. h5 Be7 33. h6 Bf6 34. hxg7 Rxg7 35. Bf2 Ra8 36. Qe2 Qxe2 37. Rxe2 axb3 38. cxb3 Rga7 39. Rdd2 Kf7 40. Ra2 Rxa2 41. Rxa2 Re8 42. Rc2 Re6 43. Kc1 Kg6 44. Kd2 Kf5 45. Be3 Ke4 46. Ra2 Kf3 47. Bg1 Re2+ 0-1

[Event "4NCL Online Division 4"]
[Site "online"]
[Date "2021.02.09"]
[EventDate "2021.02.09"]
[Round "2.54"]
[White "Pool, Melvin R"]
[WhiteElo "1579"]
[WhiteTeam "Temple Sutton"]
[Black "Chapman, Chas"]
[BlackElo "1566"]
[BlackTeam "War & Piece 1"]
[Result "0-1"]
[PlyCount "42"]

1. e4 c5 2. Nf3 d6 3. d4 cxd4 4. Nxd4 Nc6 5. Nc3 g6 6. Be3 Nf6 7. Qd2 Bg7 8. O-O-O Ng4 9. Nxc6 bxc6 10. h3 Nxe3 11. Qxe3 O-O 12. f4 Be6 13. a3 Qc7 14. g4 Rab8 15. g5 Rb7 16. h4 Rfb8 17. h5 Rxb2 18. hxg6 fxg6 19. f5 gxf5 20. exf5 Bxf5 21. g6 Rxc2# 0-1

[Event "4NCL Online Division 4"]
[Site "online"]
[Date "2021.02.09"]
[EventDate "2021.02.09"]
[Round "2.61"]
[White "Shaw, David K"]
[WhiteElo "1641"]
[WhiteTeam "Watford 3"]
[Black "Penny, Liam"]
[BlackElo "1743"]
[BlackTeam "Cheshire Cats"]
[Result "0-1"]
[PlyCount "32"]

1. d4 d5 2. Bf4 Nf6 3. e3 c5 4. c3 Nc6 5. Nd2 Qb6 6. Qb3 c4 7. Qc2 g6 8. f3 Nh5 9. Ne2 Qd8 10. Bg5 f6 11. Bh4 e5 12. dxe5 Nxe5 13. Ng3 Ng7 14. Ne2 Nd3+ 15. Kd1 Nf5 16. Nf4 Nxe3+ 0-1

[Event "4NCL Online Division 4"]
[Site "online"]
[Date "2021.02.09"]
[EventDate "2021.02.09"]
[Round "2.62"]
[White "Bailey, Adrian"]
[WhiteElo "1709"]
[WhiteTeam "Cheshire Cats"]
[Black "Vig, Sanjay"]
[BlackElo "1638"]
[BlackTeam "Watford 3"]
[Result "1-0"]
[PlyCount "55"]

1. d4 e5 2. dxe5 Nc6 3. Nf3 d6 4. e4 Bg4 5. Be2 dxe5 6. O-O Nf6 7. Nbd2 Bb4 8. c3 Bd6 9. Qc2 O-O 10. Nc4 Qe7 11. Nxd6 cxd6 12. Bg5 Rac8 13. Qa4 a6 14. Rfe1 Bd7 15. Qa3 h6 16. Bxf6 Qxf6 17. Rad1 d5 18. exd5 Ne7 19. Bd3 Bg4 20. Be4 Ng6 21. d6 b5 22. Qxa6 Nh4 23. Qb7 Rb8 24. Qe7 Qf4 25. Qxh4 f5 26. Bd5+ Kh8 27. Nxe5 Kh7 28. Rd4 1-0

[Event "4NCL Online Division 4"]
[Site "online"]
[Date "2021.02.09"]
[EventDate "2021.02.09"]
[Round "2.63"]
[White "Tathare, Sandesh"]
[WhiteElo "1556"]
[WhiteTeam "Watford 3"]
[Black "Cox, Paul"]
[BlackElo "1590"]
[BlackTeam "Cheshire Cats"]
[Result "0-1"]
[PlyCount "92"]

1. e4 e5 2. Nf3 Nc6 3. d4 exd4 4. Bc4 Bb4+ 5. c3 dxc3 6. Nxc3 h6 7. O-O Bxc3 8. bxc3 d6 9. Nd4 Ne5 10. Bb3 Nf6 11. f4 Ng6 12. Qe1 O-O 13. Qg3 Kh7 14. e5 Ne4 15. Qe3 Nc5 16. Bc2 Kh8 17. Bb2 Qe7 18. Rae1 dxe5 19. fxe5 Ne6 20. Rf3 Qg5 21. Bc1 Qxe3+ 22. Rexe3 Nxd4 23. cxd4 Be6 24. a4 Ne7 25. Be4 Nd5 26. Rb3 Rab8 27. h3 c6 28. g4 Nb6 29. Rb4 Bd5 30. Re3 Bxe4 31. Rxe4 Nd5 32. Rb3 b5 33. axb5 Rxb5 34. Ra3 a5 35. Bd2 Ra8 36. h4 a4 37. h5 Rb3 38. Rxb3 axb3 39. Re1 b2 40. e6 fxe6 41. Kf2 Ra1 42. Rxe6 b1=Q 43. Bxh6 Qg1+ 44. Kf3 Rf1+ 45. Ke2 Re1+ 46. Kd3 Rxe6 0-1

[Event "4NCL Online Division 4"]
[Site "online"]
[Date "2021.02.09"]
[EventDate "2021.02.09"]
[Round "2.64"]
[White "Fisher, Peter"]
[WhiteElo "1622"]
[WhiteTeam "Cheshire Cats"]
[Black "Nokes, Oliver"]
[BlackElo "1270"]
[BlackTeam "Watford 3"]
[Result "1-0"]
[PlyCount "63"]

1. e4 e5 2. Nf3 Nc6 3. Bb5 a6 4. Ba4 b5 5. Bb3 Nf6 6. O-O Bc5 7. Re1 O-O 8. h3 Re8 9. c3 d5 10. exd5 Nxd5 11. d3 Nf6 12. Bg5 Be6 13. Bc2 h6 14. Bh4 Bd5 15. Nbd2 Ne7 16. Nxe5 Nf5 17. Bxf6 Qxf6 18. d4 Bd6 19. Ne4 Bxe4 20. Bxe4 Bxe5 21. Bxa8 Rxa8 22. Rxe5 Nh4 23. Qg4 Ng6 24. Re3 Rb8 25. Rae1 Nf8 26. Re8 Rxe8 27. Rxe8 Qc6 28. Qc8 Qd6 29. Qd8 Qxd8 30. Rxd8 a5 31. Rc8 g5 32. Rxc7 1-0

[Event "4NCL Online Division 4"]
[Site "online"]
[Date "2021.02.09"]
[EventDate "2021.02.09"]
[Round "2.71"]
[White "Gajdosz, Marek"]
[WhiteElo "1932"]
[WhiteTeam "Darnall & Handsworth"]
[Black "Johal, Amrissa Kaur"]
[BlackElo "1392"]
[BlackTeam "Warwickshire Bears C"]
[Result "1-0"]
[PlyCount "77"]

1. d4 d5 2. Nf3 Nf6 3. c4 e6 4. Nc3 Bb4 5. Bg5 Nc6 6. e3 Bxc3+ 7. bxc3 h6 8. Bh4 O-O 9. Bd3 Re8 10. cxd5 exd5 11. O-O Qd6 12. Bg3 Qe7 13. Nd2 Ne4 14. Nxe4 dxe4 15. Bb5 Bd7 16. c4 Rac8 17. Rb1 Na5 18. c5 Bxb5 19. Rxb5 b6 20. d5 Nb7 21. d6 cxd6 22. cxd6 Qd7 23. Rd5 Rcd8 24. Qd4 Re6 25. Rd1 Qc6 26. f3 Nc5 27. Be1 exf3 28. gxf3 Rg6+ 29. Bg3 Nb7 30. Kf2 Qc2+ 31. Rd2 Qc6 32. e4 f6 33. h4 Kf7 34. Bf4 h5 35. Rxh5 Qc1 36. Qd5+ Ke8 37. Rh8+ Kd7 38. Qxb7+ Ke6 39. Qe7# 1-0

[Event "4NCL Online Division 4"]
[Site "online"]
[Date "2021.02.09"]
[EventDate "2021.02.09"]
[Round "2.72"]
[White "Nasibova, Margarita"]
[WhiteElo "1330"]
[WhiteTeam "Warwickshire Bears C"]
[Black "Brown, Geoffrey D"]
[BlackElo "1743"]
[BlackTeam "Darnall & Handsworth"]
[Result "0-1"]
[PlyCount "52"]

1. c4 b6 2. Nc3 e6 3. g3 Bb7 4. e4 Bb4 5. Bg2 f5 6. d3 Bxc3+ 7. bxc3 Nf6 8. Bg5 O-O 9. Qd2 Qe8 10. Ne2 fxe4 11. Bxf6 Rxf6 12. dxe4 Na6 13. O-O Nc5 14. f3 e5 15. Rfd1 Qh5 16. g4 Qf7 17. Ng3 g6 18. Qh6 Rf8 19. g5 Rf4 20. Ne2 Rxf3 21. Bxf3 Qxf3 22. Ng3 Nxe4 23. Rf1 Qe3+ 24. Kg2 Nxg3+ 25. Kh3 Nxf1+ 26. Kh4 Rf4# 0-1

[Event "4NCL Online Division 4"]
[Site "online"]
[Date "2021.02.09"]
[EventDate "2021.02.09"]
[Round "2.73"]
[White "Holroyd-Doveton, Nathaniel"]
[WhiteElo "1642"]
[WhiteTeam "Darnall & Handsworth"]
[Black "Xia, Weiquan"]
[BlackElo "1223"]
[BlackTeam "Warwickshire Bears C"]
[Result "1-0"]
[PlyCount "133"]

1. c4 Nc6 2. Nc3 e5 3. g3 Nf6 4. Bg2 Bc5 5. e3 d6 6. Nge2 Be6 7. d4 exd4 8. exd4 Bxc4 9. dxc5 dxc5 10. Bxc6+ bxc6 11. Qxd8+ Rxd8 12. O-O O-O 13. Bg5 Rd6 14. Rfd1 Bxe2 15. Nxe2 Ne4 16. Bf4 Rf6 17. f3 Nd6 18. Kg2 Re8 19. Nc3 Rc8 20. Bxd6 cxd6 21. Ne4 Re6 22. Rxd6 Rxd6 23. Nxd6 Rd8 24. Ne4 Rd5 25. Re1 f5 26. Ng5 g6 27. Re2 a5 28. Kf2 Kg7 29. Rc2 h6 30. Ne6+ Kf6 31. Nxc5 Ke5 32. Nb3 Kd6 33. Rd2 Rxd2+ 34. Nxd2 a4 35. Ke3 Kd5 36. Kd3 c5 37. Nc4 g5 38. Nb6+ Ke5 39. Nxa4 f4 40. g4 Kd5 41. Nc3+ Kc6 42. Ne4 Kd5 43. a4 c4+ 44. Kd2 Kc6 45. Nf6 Kb6 46. Ng8 Ka5 47. Nxh6 Kxa4 48. Kc3 Kb5 49. Nf7 Kc5 50. Nxg5 Kd5 51. h4 Kc5 52. Ne6+ Kb5 53. Nxf4 Kc5 54. h5 Kb5 55. h6 Kc5 56. h7 Kb5 57. h8=Q Kc5 58. Qe5+ Kc6 59. Kxc4 Kd7 60. Qf6 Kc7 61. Kc5 Kd7 62. Qd6+ Ke8 63. Qc7 Kf8 64. Kd6 Kg8 65. Ke6 Kh8 66. Kf6 Kg8 67. Qg7# 1-0

[Event "4NCL Online Division 4"]
[Site "online"]
[Date "2021.02.09"]
[EventDate "2021.02.09"]
[Round "2.74"]
[White "Vaidyanathan, Sathya"]
[WhiteElo "1219"]
[WhiteTeam "Warwickshire Bears C"]
[Black "Oughton, John M"]
[BlackElo "1138"]
[BlackTeam "Darnall & Handsworth"]
[Result "1-0"]
[PlyCount "143"]

1. e4 e5 2. Nf3 Nc6 3. Bc4 h6 4. Nc3 Nf6 5. d3 Bc5 6. a3 O-O 7. b4 Bd6 8. O-O a6 9. Be3 b5 10. Bb3 Ne7 11. h3 Ng6 12. Qd2 Nf4 13. Bxf4 exf4 14. Ne2 Nh7 15. Nxf4 Be5 16. d4 Bxf4 17. Qxf4 d6 18. Bd5 Rb8 19. Rfe1 Be6 20. Ba2 Bxa2 21. Rxa2 Ng5 22. Nxg5 hxg5 23. Qg3 Qf6 24. c3 Rbe8 25. Raa1 Qg6 26. e5 dxe5 27. Rxe5 Rxe5 28. Qxe5 c6 29. Qe2 Rd8 30. Re1 Qd6 31. Qe7 Qd5 32. Re5 Qd7 33. Qxd7 Rxd7 34. Rxg5 f6 35. Rc5 Rd6 36. c4 Kf7 37. cxb5 axb5 38. Kf1 Ke7 39. Ke2 Kd7 40. Kd3 Re6 41. d5 cxd5 42. Rxd5+ Kc6 43. Rc5+ Kb6 44. Rc2 Re8 45. Re2 Ra8 46. Re6+ Kc7 47. Re7+ Kd8 48. Rxg7 Rxa3+ 49. Ke4 Rb3 50. Rf7 Rxb4+ 51. Kd3 Rf4 52. f3 Kc8 53. Ke3 Rf5 54. Ke4 Re5+ 55. Kd4 Rf5 56. Ke4 Re5+ 57. Kf4 Re6 58. Kf5 Rb6 59. Ra7 b4 60. Ra1 b3 61. Rb1 b2 62. h4 Kd8 63. h5 Ke7 64. Kg6 Kf8 65. g4 Kg8 66. h6 Kh8 67. f4 Kg8 68. g5 fxg5+ 69. Kxg5 Kh7 70. f5 Rb5 71. Kf6 Kxh6 72. Rh1# 1-0

[Event "4NCL Online Division 4"]
[Site "online"]
[Date "2021.02.09"]
[EventDate "2021.02.09"]
[Round "2.81"]
[White "Wager, John D"]
[WhiteElo "2031"]
[WhiteTeam "Maidenhead 1"]
[Black "McLean, Ian"]
[BlackElo "2013"]
[BlackTeam "Spirit of Atticus B"]
[Result "1-0"]
[PlyCount "71"]

1. Nf3 f5 2. c4 Nf6 3. Nc3 g6 4. d4 Bg7 5. g3 O-O 6. Bg2 d6 7. O-O c6 8. Bf4 Nh5 9. Qd2 Nxf4 10. gxf4 Na6 11. e3 Bd7 12. Rab1 Qe8 13. b4 Nc7 14. a4 Rd8 15. b5 e5 16. bxc6 Bxc6 17. d5 Bxa4 18. Rxb7 Na6 19. Rxa7 Nc5 20. Nxa4 Nxa4 21. fxe5 dxe5 22. Qa5 Nb2 23. Ng5 Ra8 24. Rxa8 Qxa8 25. Qxa8 Rxa8 26. d6 e4 27. Nxe4 fxe4 28. Bxe4 Rc8 29. Rc1 Kf8 30. c5 Be5 31. Bb7 Rd8 32. f4 Bxd6 33. cxd6 Rxd6 34. e4 Rd2 35. e5 h5 36. Be4 1-0

[Event "4NCL Online Division 4"]
[Site "online"]
[Date "2021.02.09"]
[EventDate "2021.02.09"]
[Round "2.82"]
[White "Robertson, David J"]
[WhiteElo "2057"]
[WhiteTeam "Spirit of Atticus B"]
[Black "Milnes, Anthony C P"]
[BlackElo "1933"]
[BlackTeam "Maidenhead 1"]
[Result "1-0"]
[PlyCount "115"]

1. e4 e6 2. d4 d5 3. Nc3 Bb4 4. e5 c5 5. a3 Bxc3+ 6. bxc3 Qa5 7. Bd2 Qa4 8. Qg4 Kf8 9. Qd1 b6 10. h4 Ba6 11. h5 Bxf1 12. Kxf1 h6 13. Rh4 Ne7 14. Rf4 Nbc6 15. Ne2 cxd4 16. cxd4 Na5 17. Bb4 Nc4 18. Qd3 Qe8 19. a4 a5 20. Be1 Rc8 21. g4 Nc6 22. c3 Na7 23. Qg3 b5 24. axb5 Nxb5 25. g5 hxg5 26. Qxg5 Qe7 27. Qg4 Nba3 28. Rf3 Rb8 29. Nf4 Kg8 30. Rg3 Rh7 31. h6 f5 32. exf6 Qxf6 33. Nxe6 Qxh6 34. Ng5 Rh8 35. Rh3 Qf6 36. Rxh8+ Kxh8 37. Qh4+ Kg8 38. Qh7+ Kf8 39. Qh8+ Ke7 40. Qxb8 Qxg5 41. Qc7+ Kf8 42. Qc5+ Kg8 43. Rxa3 Qf5 44. Ra2 Qh3+ 45. Ke2 Qg4+ 46. f3 Qe6+ 47. Kd1 Ne3+ 48. Kc1 Qh6 49. Bd2 Qh1+ 50. Kb2 Nd1+ 51. Ka3 Qxf3 52. Qxa5 g5 53. Qd8+ Kh7 54. Qxg5 Nxc3 55. Qh6+ Kg8 56. Qe6+ Kh7 57. Qd7+ Kg8 58. Qc8+ 1-0

[Event "4NCL Online Division 4"]
[Site "online"]
[Date "2021.02.09"]
[EventDate "2021.02.09"]
[Round "2.83"]
[White "Smith, Nigel D"]
[WhiteElo "1884"]
[WhiteTeam "Maidenhead 1"]
[Black "Buckley, Colm"]
[BlackElo "1931"]
[BlackTeam "Spirit of Atticus B"]
[Result "1/2-1/2"]
[PlyCount "132"]

1. d4 e6 2. c4 d5 3. g3 Nf6 4. Bg2 c6 5. Qc2 Nbd7 6. Nf3 dxc4 7. Qxc4 Be7 8. O-O O-O 9. Nc3 Nb6 10. Qd3 c5 11. Rd1 c4 12. Qc2 Bd7 13. Ne5 Nfd5 14. e4 Nb4 15. Qe2 Rc8 16. a3 Na6 17. Be3 f6 18. Nf3 Qe8 19. d5 exd5 20. exd5 Bd6 21. Nd4 Nc5 22. Ne6 Bxe6 23. Bxc5 Bxc5 24. dxe6 Qe7 25. Nd5 Nxd5 26. Bxd5 b5 27. a4 a6 28. Kg2 Rfd8 29. f4 Kf8 30. f5 Rd6 31. axb5 axb5 32. Bf3 Bd4 33. Qe4 Rcd8 34. Ra8 Bxb2 35. Qc6 Be5 36. Rxd8+ Rxd8 37. Rd7 Rxd7 38. exd7 Qd8 39. Qxb5 Ke7 40. Bc6 c3 41. Qc5+ Bd6 42. Qxc3 Qb6 43. Qc4 Qe3 44. Qe6+ Qxe6 45. fxe6 Bc7 46. Bd5 Kd6 47. Bb3 Bd8 48. Kf3 Ke5 49. h4 h6 50. g4 g5 51. hxg5 hxg5 52. Ke3 Be7 53. Kf3 Bd8 54. Ke3 f5 55. gxf5 Kxf5 56. Kf3 g4+ 57. Kg3 Bc7+ 58. Kg2 Bd8 59. Kg3 Bc7+ 60. Kg2 Bd8 61. Bd5 Ke5 62. Bb3 Kf4 63. Bd1 Be7 64. Bb3 Bd8 65. Bc4 Be7 66. Bb3 Bd8 1/2-1/2

[Event "4NCL Online Division 4"]
[Site "online"]
[Date "2021.02.09"]
[EventDate "2021.02.09"]
[Round "2.84"]
[White "Bimpson, Tom"]
[WhiteElo "1971"]
[WhiteTeam "Spirit of Atticus B"]
[Black "Iyengar, Srihari R"]
[BlackElo "1873"]
[BlackTeam "Maidenhead 1"]
[Result "0-1"]
[PlyCount "76"]

1. d4 d6 2. Nf3 Nf6 3. Bg5 g6 4. Nbd2 Bg7 5. e4 O-O 6. c3 h6 7. Bh4 c5 8. dxc5 dxc5 9. Bc4 Nc6 10. Qe2 a6 11. a4 Nd7 12. O-O Nde5 13. Bd5 Nxf3+ 14. Nxf3 Qe8 15. Qe3 e6 16. Ba2 b6 17. Bg3 e5 18. Bd5 Be6 19. Bxc6 Qxc6 20. Bxe5 f6 21. Bg3 Rfd8 22. a5 b5 23. b4 cxb4 24. Nd4 Qc4 25. Nxe6 Qxe6 26. cxb4 Qc4 27. Rab1 Rd3 28. Qe2 Rad8 29. h3 Rc3 30. Qg4 Kh7 31. f3 Rc2 32. Bf4 Bf8 33. Rfd1 Rd3 34. Rxd3 Qxd3 35. Rf1 h5 36. Qg3 Bxb4 37. e5 Bc5+ 38. Kh1 Qxf1+ 0-1

[Event "4NCL Online Division 4"]
[Site "online"]
[Date "2021.02.09"]
[EventDate "2021.02.09"]
[Round "2.91"]
[White "Whatmore, Steve"]
[WhiteElo "1810"]
[WhiteTeam "Rugeley Rangers"]
[Black "Rizvi, Nasir"]
[BlackElo "2021"]
[BlackTeam "4 Gems"]
[Result "1/2-1/2"]
[PlyCount "47"]

1. d4 Nf6 2. c4 g6 3. Nc3 Bg7 4. Bg5 h6 5. Bxf6 Bxf6 6. Qd2 c5 7. e3 Bg7 8. Nf3 O-O 9. Be2 cxd4 10. exd4 d6 11. O-O Bg4 12. h3 Bxf3 13. Bxf3 Nc6 14. Bxc6 bxc6 15. Rfe1 Rb8 16. b3 Re8 17. Rac1 Qa5 18. Re2 d5 19. cxd5 cxd5 20. Qf4 Rb4 21. Rd1 e5 22. Qf3 e4 23. Qe3 Rd8 24. Na4 1/2-1/2

[Event "4NCL Online Division 4"]
[Site "online"]
[Date "2021.02.09"]
[EventDate "2021.02.09"]
[Round "2.92"]
[White "Whelan, Joseph"]
[WhiteElo "1515"]
[WhiteTeam "4 Gems"]
[Black "Carr, Matthew"]
[BlackElo "1688"]
[BlackTeam "Rugeley Rangers"]
[Result "1-0"]
[PlyCount "113"]

1. d4 Nf6 2. c4 Nc6 3. Nc3 e5 4. dxe5 Nxe5 5. e4 Bc5 6. Be2 d6 7. h3 O-O 8. Bf4 Nc6 9. Nf3 Qe7 10. Bg5 h6 11. Nd5 Qd8 12. Bxf6 gxf6 13. Qd2 Kg7 14. O-O-O Be6 15. a3 Bxd5 16. Qxd5 Ne5 17. Nxe5 fxe5 18. Rhf1 Qg5+ 19. Kb1 c6 20. Qd2 f5 21. f4 exf4 22. Rxf4 Kh8 23. Qc3+ Kh7 24. Rxf5 Rxf5 25. exf5 Qxg2 26. Bd3 Kg8 27. Qf6 Qg7 28. Qe6+ Kf8 29. f6 Qf7 30. Qg4 h5 31. Qg5 Bd4 32. Qh6+ Kg8 33. Bf5 Re8 34. Rxd4 Re1+ 35. Ka2 c5 36. Qg5+ Kf8 37. Qg7+ Qxg7 38. fxg7+ Kxg7 39. Rxd6 Re7 40. Rg6+ Kf7 41. Rh6 Re5 42. Bc2 b6 43. Rh7+ Kf6 44. Rxa7 Kg5 45. Rh7 Re3 46. Rg7+ Kf4 47. Rg6 Rxh3 48. Rxb6 Re3 49. Rf6+ Kg3 50. Rf5 h4 51. Rxc5 h3 52. Rg5+ Kf2 53. Rf5+ Kg2 54. Ba4 Re6 55. Rg5+ Kf2 56. Rh5 Kg2 57. Rxh3 1-0

[Event "4NCL Online Division 4"]
[Site "online"]
[Date "2021.02.09"]
[EventDate "2021.02.09"]
[Round "2.93"]
[White "Sullivan, Luke"]
[WhiteElo "1571"]
[WhiteTeam "Rugeley Rangers"]
[Black "Gogia, Abeer"]
[BlackElo "1413"]
[BlackTeam "4 Gems"]
[Result "1/2-1/2"]
[PlyCount "84"]

1. Nf3 d5 2. c3 e6 3. d4 c5 4. Bf4 Nc6 5. e3 Bd6 6. Bg3 Nf6 7. Bd3 O-O 8. Qc2 b6 9. Ne5 Bb7 10. Bb5 Qc7 11. Nxc6 Bxc6 12. Bxd6 Qxd6 13. Be2 c4 14. Nd2 b5 15. f4 a5 16. O-O b4 17. b3 cxb3 18. axb3 Rfc8 19. c4 h6 20. c5 Qd7 21. Rf3 Bb5 22. Bxb5 Qxb5 23. Raf1 a4 24. bxa4 Rxa4 25. e4 dxe4 26. Nxe4 Nxe4 27. Qxe4 b3 28. Rb1 Rb4 29. Qd3 Qxd3 30. Rxd3 b2 31. Rd2 Rcb8 32. Kf2 Kf8 33. Ke3 Ke7 34. Rc2 Kd7 35. Kd3 Rb3+ 36. Kd2 Kc6 37. Rc3 R3b4 38. Kd3 Rd8 39. Rc4 Rb3+ 40. Rc3 Rb4 41. Rc4 Rb3+ 42. Rc3 Rb4 1/2-1/2

[Event "4NCL Online Division 4"]
[Site "online"]
[Date "2021.02.09"]
[EventDate "2021.02.09"]
[Round "2.94"]
[White "Rizvi, Zara"]
[WhiteElo "1307"]
[WhiteTeam "4 Gems"]
[Black "Wood, Ryan"]
[BlackElo "1428"]
[BlackTeam "Rugeley Rangers"]
[Result "1/2-1/2"]
[PlyCount "78"]

1. d4 d5 2. c4 e6 3. Nc3 Nf6 4. Bg5 Be7 5. Nf3 h6 6. Bxf6 Bxf6 7. e3 O-O 8. Bd3 c6 9. cxd5 exd5 10. O-O Bg4 11. h3 Bh5 12. Re1 Re8 13. Rc1 Nd7 14. e4 Bxd4 15. g4 Bxc3 16. Rxc3 dxe4 17. Rxe4 Rxe4 18. Bxe4 Bg6 19. Bxg6 fxg6 20. Qb3+ Kh7 21. Qxb7 Rb8 22. Qxc6 Rxb2 23. Qa6 Qb6 24. Qxb6 Nxb6 25. Ra3 Nc8 26. Nd4 Rb7 27. Rb3 Rxb3 28. axb3 Ne7 29. b4 Nd5 30. b5 Nc7 31. Kf1 Kg8 32. Ke2 Kf7 33. Kd3 Ke7 34. Kc4 Kd6 35. f4 Nd5 36. f5 g5 37. Nc6 Nb6+ 38. Kb4 Nc8 39. Ka5 Kc5 1/2-1/2

[Event "4NCL Online Division 4"]
[Site "online"]
[Date "2021.02.09"]
[EventDate "2021.02.09"]
[Round "2.101"]
[White "Pines, Chris"]
[WhiteElo "1536"]
[WhiteTeam "St Albans 2"]
[Black "Kairat, Alexander"]
[BlackElo "1657"]
[BlackTeam "Woking Warriors"]
[Result "1-0"]
[PlyCount "55"]

1. b4 e5 2. Bb2 e4 3. e3 Bxb4 4. Bxg7 Nf6 5. Bxh8 a5 6. a3 Bc5 7. Nc3 d6 8. Bxf6 Qxf6 9. Nxe4 Qe5 10. Nxc5 Qxc5 11. Nf3 Bg4 12. Be2 Bxf3 13. Bxf3 Nc6 14. O-O O-O-O 15. Bg4+ f5 16. Bh3 h6 17. Qh5 Qxc2 18. Bxf5+ Kb8 19. Bxc2 b6 20. Be4 Kb7 21. Qd5 Ka7 22. Qxc6 Ka6 23. Rab1 d5 24. Bxd5 Rxd5 25. Qxd5 c6 26. Qxc6 Ka7 27. Qxb6+ Ka8 28. Qb7# 1-0

[Event "4NCL Online Division 4"]
[Site "online"]
[Date "2021.02.09"]
[EventDate "2021.02.09"]
[Round "2.102"]
[White "Kothari, Jai"]
[WhiteElo "1574"]
[WhiteTeam "Woking Warriors"]
[Black "Claret, Ray R"]
[BlackElo "1468"]
[BlackTeam "St Albans 2"]
[Result "0-1"]
[PlyCount "40"]

1. e4 e6 2. d4 d6 3. Nc3 Nd7 4. Be3 Ngf6 5. Nf3 Be7 6. Be2 O-O 7. O-O e5 8. d5 Nb6 9. a4 a5 10. Bxb6 cxb6 11. Nd2 Ne8 12. Bd3 f5 13. f3 f4 14. Kh1 Rf6 15. h3 Rh6 16. Kh2 Bh4 17. Ne2 Qg5 18. Kh1 Bg3 19. Ng1 Bh4 20. Nc4 Qd8 0-1

[Event "4NCL Online Division 4"]
[Site "online"]
[Date "2021.02.09"]
[EventDate "2021.02.09"]
[Round "2.103"]
[White "Wicks, Ben"]
[WhiteElo "1450"]
[WhiteTeam "St Albans 2"]
[Black "Seet, Joshua"]
[BlackElo "1246"]
[BlackTeam "Woking Warriors"]
[Result "1-0"]
[PlyCount "93"]

1. e4 c6 2. d4 d5 3. Nc3 dxe4 4. Nxe4 Nf6 5. Nxf6+ exf6 6. Nf3 Bd6 7. Bd3 Bg4 8. h3 Bh5 9. O-O O-O 10. Bf5 Nd7 11. Qd3 Bg6 12. Nh4 Re8 13. Bd2 Nb6 14. b3 Qc7 15. c4 Bf4 16. Bxf4 Qxf4 17. Nxg6 hxg6 18. Bg4 Rad8 19. Rad1 Re4 20. g3 Rexd4 21. c5 Rxd3 22. gxf4 Rxd1 23. Rxd1 Rxd1+ 24. Bxd1 Nd5 25. f5 gxf5 26. Bf3 Nf4 27. b4 Nxh3+ 28. Kg2 Nf4+ 29. Kg3 g5 30. b5 Nd5 31. Bxd5 cxd5 32. c6 bxc6 33. bxc6 d4 34. c7 f4+ 35. Kf3 Kf8 36. c8=Q+ Ke7 37. Qc5+ Ke6 38. Qxd4 Kf5 39. Qc5+ Kg6 40. Qxa7 f5 41. Qe7 g4+ 42. Kxf4 g3 43. Kxg3 f4+ 44. Kxf4 f5 45. a4 Kh6 46. a5 Kh5 47. Qh7# 1-0